000 00763cam a22002297a 4500
040 _cWIH
082 0 0 _a333 WIS 2002 C159 Or.
100 1 _aJirsa, Rick.
245 1 4 _aThe state of the headwaters river basins :
_b[a report /
246 1 4 _aHeadwaters basin integrated management plan
246 1 7 _aHeadwaters state of the basin report
260 _a[Madison, Wis.] :
_bWisconsin Dept. of Natural Resources,
_c[2002]
300 _axvii, 259 p. :
_bcol. maps ;
_c28 cm.
500 _a"Primary author: Rick Jirsa"--P. v.
500 _a"December, 2002."
500 _aWis. depository item.
500 _a"PUBL WT 662 2002."
650 0 _aWatershed management
710 1 _aWisconsin.
710 2 _aHeadwaters Basin Partnership Team (Wis.)
942 _cAEDBB
999 _c19042
_d19042